000 00357nam a22001337a 4500
003 SGT
020 _a8188266191
082 _a89.4309
_bK04S
100 _aशर्मा, मनु
245 _a खूटी पर टंगा : वसंत
260 _bप्रतिभा प्रतिष्ठान
_c2004
300 _a141
942 _2ddc
_cBK
999 _c30537
_d30537